Slovensko žilo - žije na úkor budúcnosti Analýza problémov hospodárstva vypracovaná pracovníkmi Ekonomického ústavu SAV

Koncentrované závery širšie koncipovanej analýzy nasledovných problémov súčasnej slovenskej ekonomiky: Dekapitalizácia hospodárskych subjektov. Banky bez medzinárodného kreditu. Bankroty takmer nič nevyriešia. Štátny rozpočet už neunesie neefektívne výdavky. Škrty vo výdavkoch len na úkor sociálnej...

Description complète

Enregistré dans:
Détails bibliographiques
Auteur principal: Černá, J.
Autres auteurs: Staněk, Peter
Format: Chapitre de livre
Langue:slovaque
Sujets:
Tags: Ajouter un tag
Pas de tags, Soyez le premier à ajouter un tag!

MARC

LEADER 00000naa a2200000 4500
001 r013860
005 20221205080722.0
041 0 |a slo 
044 |a SK 
245 1 0 |a Slovensko žilo - žije na úkor budúcnosti  |b Analýza problémov hospodárstva vypracovaná pracovníkmi Ekonomického ústavu SAV  |c J. Černá, Peter Stanek 
520 |a Koncentrované závery širšie koncipovanej analýzy nasledovných problémov súčasnej slovenskej ekonomiky: Dekapitalizácia hospodárskych subjektov. Banky bez medzinárodného kreditu. Bankroty takmer nič nevyriešia. Štátny rozpočet už neunesie neefektívne výdavky. Škrty vo výdavkoch len na úkor sociálnej sféry. 
610 2 0 |a situácia hospodárska 
610 2 0 |a Slovensko 
610 2 0 |a zadlženosť vnútorná 
610 2 0 |a kapitál bankový 
610 2 0 |a bankrot 
610 2 0 |a rozpočet štátny 
610 2 0 |a výdavky rozpočtu štátneho 
610 2 0 |a analýza ekonomická 
610 2 0 |a EÚ SAV Bratislava 
100 1 |a Černá, J. 
700 1 |a Staněk, Peter